Ciudades más cercanas a Madrid en coche (fuera de la C.C.A.A) - Estadísticas

Estadísticas generales
  • Esta prueba ha sido intentada 124 veces
  • La puntuación promedio es 13 de 26
Estadísticas de respuestas
Trayecto en coche C.C.A.A Ciudad % Correcto
69 minutos Castilla La Mancha Toledo
97%
65 minutos Castilla La Mancha Guadalajara
93%
73 minutos Castilla y León Segovia
91%
82 minutos Castilla y León Ávila
87%
109 minutos Castilla La Mancha Cuenca
80%
137 minutos Castilla y León Salamanca
80%
153 minutos Castilla y León Soria
80%
138 minutos Castilla y León Valladolid
80%
143 minutos Castilla La Mancha Ciudad Real
75%
166 minutos Castilla La Mancha Albacete
69%
182 minutos Extremadura Cáceres
69%
185 minutos Castilla y León Burgos
63%
85 minutos Castilla La Mancha Talavera de la Reina
56%
183 minutos Castilla y León Zamora
50%
51 minutos Castilla La Mancha Illescas
47%
58 minutos Castilla La Mancha Azuqueca de Henares
29%
144 minutos Castilla y León Aranda de Duero
26%
107 minutos Castilla y León Medina del Campo
20%
51 minutos Castilla La Mancha Seseña
20%
159 minutos Castilla La Mancha Puertollano
18%
124 minutos Castilla La Mancha Tomelloso
17%
137 minutos Castilla La Mancha Valdepeñas
10%
110 minutos Castilla La Mancha Alcázar de San Juan
8%
132 minutos Castilla y León Santa Marta de Tormes
6%
129 minutos Castilla y León Arroyo de la Encomienda
5%
129 minutos Castilla y León Laguna de Duero
5%
No se encontraron pruebas coincidentes
Distribución de puntuación
Porcentaje de gente con cada puntuación
Porcentaje por número respondido
Historial de tus puntuaciones
No has intentado esta prueba.